00360nam a2200157Ia 4500003000400000005001700004008004100021020001800062040000900080082002000089100001800109245002400127260003200151300000900183650001000192OSt20201127114811.0190216s9999||||xx |||||||||||||| ||und|| a9788126420490 coclc a894.8123bMIT/A aMitra, Vimal  0aAham /cVimal Mitra bDc Books,c2008.aKottayam: a226p aNovel